<?xml version="1.0" encoding="UTF-8"?>
<record
    xmlns:xsi="http://www.w3.org/2001/XMLSchema-instance"
    xsi:schemaLocation="http://www.loc.gov/MARC21/slim http://www.loc.gov/standards/marcxml/schema/MARC21slim.xsd"
    xmlns="http://www.loc.gov/MARC21/slim">

  <leader>01353nam a2200229Ia 4500</leader>
  <controlfield tag="008">120625s1990    mx            001 0 spa d</controlfield>
  <datafield tag="020" ind1=" " ind2=" ">
    <subfield code="a">9684011903</subfield>
  </datafield>
  <datafield tag="050" ind1=" " ind2="4">
    <subfield code="a">KD1615 </subfield>
    <subfield code="b">M45 1990</subfield>
  </datafield>
  <datafield tag="100" ind1="1" ind2=" ">
    <subfield code="a">Mezger, Edmund</subfield>
    <subfield code="d">, 1883-1962.</subfield>
    <subfield code="e">, autor.</subfield>
    <subfield code="9">40498</subfield>
  </datafield>
  <datafield tag="245" ind1=" " ind2=" ">
    <subfield code="a">Derecho penal </subfield>
    <subfield code="b">: parte general</subfield>
    <subfield code="c">/ Edmund Mezger.</subfield>
  </datafield>
  <datafield tag="250" ind1=" " ind2=" ">
    <subfield code="a">2a. ed.</subfield>
  </datafield>
  <datafield tag="260" ind1="3" ind2=" ">
    <subfield code="a">M&#xE9;xico </subfield>
    <subfield code="b">: Cardenas</subfield>
    <subfield code="c">, 1990.</subfield>
  </datafield>
  <datafield tag="300" ind1=" " ind2=" ">
    <subfield code="a">459 p&#xE1;ginas.</subfield>
  </datafield>
  <datafield tag="336" ind1=" " ind2=" ">
    <subfield code="a">Texto</subfield>
  </datafield>
  <datafield tag="337" ind1=" " ind2=" ">
    <subfield code="a">Sin medio</subfield>
  </datafield>
  <datafield tag="338" ind1=" " ind2=" ">
    <subfield code="a">Volumen</subfield>
  </datafield>
  <datafield tag="500" ind1=" " ind2=" ">
    <subfield code="a">Incluye ap&#xE9;ndice (pp. 421-435)
Incluye &#xED;ndice de materias (pp. 437-450)</subfield>
  </datafield>
  <datafield tag="505" ind1="1" ind2=" ">
    <subfield code="a">Introducci&#xF3;n
Primera parte: la ley penal
El concepto y la historia del derecho penal
La aplicaci&#xF3;n de la ley penal
La esfera de validez de la ley penal

Segunda parte: El hecho punible
Las formas generales de aparici&#xF3;n del hecho punible
La acci&#xF3;n. Principios generales
La antijuricidad (el injusto)
La culpabilidad
La tentativa
La participaci&#xF3;n
El concurso

Tercera parte: La pena
La pena en sentido estricto
Las medidas jur&#xED;dico-penales de seguridad y correcci&#xF3;n
El especial tratamiento jur&#xED;dico-penal de los j&#xF3;venes

Ap&#xE9;ndice
*Gu&#xED;a para el tratamiento jur&#xED;dico-penal de casos pr&#xE1;cticos
*N&#xF3;mina de los par&#xE1;grafos</subfield>
  </datafield>
  <datafield tag="519" ind1=" " ind2=" ">
    <subfield code="a">Material complementario /</subfield>
    <subfield code="d">(04 000644)</subfield>
  </datafield>
  <datafield tag="650" ind1="1" ind2="4">
    <subfield code="a">DERECHO PENAL</subfield>
    <subfield code="z">ALEMANIA (R&#xC9;PUBLICA FEDERAL, 1949-)</subfield>
    <subfield code="9">40499</subfield>
  </datafield>
  <datafield tag="942" ind1=" " ind2=" ">
    <subfield code="c">LB</subfield>
  </datafield>
  <datafield tag="952" ind1=" " ind2=" ">
    <subfield code="0">0</subfield>
    <subfield code="1">0</subfield>
    <subfield code="4">0</subfield>
    <subfield code="7">0</subfield>
    <subfield code="a">04</subfield>
    <subfield code="b">04</subfield>
    <subfield code="d">2007-06-07</subfield>
    <subfield code="l">15</subfield>
    <subfield code="m">3</subfield>
    <subfield code="o">KD1615 M45 1990</subfield>
    <subfield code="p">04 000644</subfield>
    <subfield code="r">2022-08-16</subfield>
    <subfield code="s">2022-08-16</subfield>
    <subfield code="t">1</subfield>
    <subfield code="w">2012-06-24</subfield>
    <subfield code="y">LB</subfield>
  </datafield>
  <datafield tag="999" ind1=" " ind2=" ">
    <subfield code="c">61793</subfield>
    <subfield code="d">61793</subfield>
  </datafield>
</record>
